| 000 -LEADER | |
|---|---|
| fixed length control field | 00465nam a22001457a 4500 |
| 020 ## - INTERNATIONAL STANDARD BOOK NUMBER | |
| ISBN | 0787900214 |
| 050 ## - LIBRARY OF CONGRESS CALL NUMBER | |
| Classification number | HF5549.5 |
| 100 ## - MAIN ENTRY--AUTHOR NAME | |
| Personal name | Cocheu, Ted |
| 245 ## - TITLE STATEMENT | |
| Title | Blueprint for quality: how training can turn strategy into real improvement |
| 260 ## - PUBLICATION, DISTRIBUTION, ETC. (IMPRINT) | |
| Place of publication | San Francisco |
| Name of publisher | Jossey-Bass Publishers |
| Year of publication | 1993 |
| 300 ## - PHYSICAL DESCRIPTION | |
| Number of Pages | xxii, 198p.:ill.,includes bibliographical references and index |
| 490 ## - SERIES STATEMENT | |
| Series statement | The Jossey-Bass management series |
| 650 ## - SUBJECT ADDED ENTRY--TOPICAL TERM | |
| Topical Term | Employee-training |
| 942 ## - ADDED ENTRY ELEMENTS (KOHA) | |
| Koha item type | Books |
| Koha item type | Collection code | Shelving location | Accession Number | Permanent Location | Current Location | Date acquired | Full call number |
|---|---|---|---|---|---|---|---|
| Books | Lending | Lending | 1294 | Chapman Library | Chapman Library | 2016-04-27 | HF5549.5coc |
| Books | Lending | Lending | 1293 | Chapman Library | Chapman Library | 2016-04-27 | HF5549.5coc |

